Регионална библиотека "Любен Каравелов" - Русе

Нощта, в която куклата оживя (Запис номер 190315)

MARC детайли
000 -Лидер
Контролно поле с фиксирана дължина 01604nam a2200385 c 4500
003 - Код на организацията, давaща контролен номер
Контролно поле BLK
005 - Дата и час на последна редакция
Контролно поле 20250517124114.0
008 - Елементи от данни с фиксирана дължина
fixed length control field 180411b bul|||||r ||||||| ||bul||
010 ## - Наследен системен номер
LC control number KNG00199450000
020 ## - Международен стандартен номер на книга ISBN
Международен стандартен номер на книга ISBN 978-954-26-1620-7
-- издат.: Хермес
040 ## - Източник на каталожния запис
Идентификатор на билиотеката - собственик на записа BLK
041 ## - Код за език
Код за езика на текст/звукозапис или на отделно заглавие Български
Код за езика КДБФ Български
072 #7 - Код за тематичната категория
Код организация bullib
Код за тематична категория Н85
Текст Детска художествена литература Н
080 ## - УДК
Текстов определител УДК Американска литература (на САЩ)
УДК код - определител по УДК 821.111(73)
УДК определител -93-322.4
УДК - код + определител 821.111(73)-93-322.4
100 1# - Редна дума - Автор
Автор Стайн, Робърт Лорънс
Авторска отговорност първи автор
R(LIN) 369934
139 ## - Редно поле
Редна дума Стайн, Робърт Лорънс
Авторски знак Стаи - С 62
245 10 - Сведения за заглавието
Заглавие Нощта, в която куклата оживя
Подзаглавни данни Страховито и забавно
Редно поле (дума) Робърт Лорънс Стайн; прев. Нина Стоянова Руева.
257 ## - Страна на издаване
Страна на създаване/издаване Съединени американски щати
260 ## - Област на издателските данни
-- Пловдив
Име на издателя, разпространителя и проч. Хермес
Година на издаване 2016
Печатница София : Алианс принт
300 ## - Физическа характеристика
Страници 144 с.
Размери/Мащаб 20 см
380 ## - Жанр
Жанр Детска худож. лит.
490 1# - СЕРИИ (Колекции)
Име на серия Поредица Goosebumps
№: серия 1
500 ## - Общи забележки
Забележка Ориг. загл. Night of the Living Dummy / R. L. Stine.
653 ## - Ключова дума – ненормативна
Ключова дума трилъри
653 ## - Ключова дума – ненормативна
Ключова дума литература за деца
653 ## - Ключова дума – ненормативна
Ключова дума детска литература
659 ## - Тематичен бюлетин
Тематичен бюлетин Н
700 1# - Други автори (авторска отговорност)
Лично име Руева, Нина Стоянова
Автороска отговорност (Описва отношението между автора и произведението) прев.
9 (RLIN) 373221
852 ## - Местоположение
Форматна сигнатура Цб 284144
856 4# - Електронен адрес и достъп
Електронен формат pdf - файл
Път до файла /url/
856 4# - Електронен адрес и достъп
Електронен формат pdf - файл
Път до файла /url/
942 ## - АРТИКУЛИ
Вид на библиотечния материал Книги
Скрит в OPAC Не
Koha issues (borrowed), all copies 29
944 ## - СЪЗДАВАНЕ И РЕДАКЦИЯ на ЗАПИСА
Създаване/Редакция Създаване
Дата на регистрацията/редакция 27.01.2017
Статус, дата на статуса Кети Илиева
Служител, извършил регистрацията/редакцията 30550
944 ## - СЪЗДАВАНЕ И РЕДАКЦИЯ на ЗАПИСА
Създаване/Редакция Редакция
Дата на регистрацията/редакция 21.06.2017
Статус, дата на статуса ф /
Служител, извършил регистрацията/редакцията Пенка_Димитрова
999 ## - СИСТЕМНИ КОНТРОЛНИ НОМЕРА
Koha biblionumber 190315
Koha biblioitemnumber 190315
Наличности
Код за отписване Код за изгубен артикул Код за повреда Коз за рестрикции Код за отдаване Артикулен № Име на библиотеката - собственик Име на библиотеката, в която се намира в момента Статус (Текущо местоположение) Дата на вписване в системата Местоположение - отдел Цена в лева Инвентарен номер Систематично азбучна сигнатура Баркод Номер на екземпляра Цена в евро Служебна бележка Служебен тип на артикула
  Не е изгубен Не е повреден без рестрикции заемане за дома 334848 Регионална библиотека "Любен Каравелов" Русе Регионална библиотека "Любен Каравелов" Русе Детски отдел 2017-01-27 Детски отдел 8.95 120000808004 ДХ 820/899/С 62 120000808004 1 4.58 Дост: Pk Вид: Ф N: 481 Дата: 27.01.2017 Книги
  Не е изгубен Не е повреден без рестрикции заемане за дома 334849 Регионална библиотека "Любен Каравелов" Русе Регионална библиотека "Любен Каравелов" Русе Детски отдел 2017-01-27 Детски отдел 8.95 120000808005 ДХ 820/899/С 62 120000808005 2 4.58 Дост: Pk Вид: Ф N: 481 Дата: 27.01.2017 Книги
  Не е изгубен Не е повреден без рестрикции ползва се в читалня 334850 Регионална библиотека "Любен Каравелов" Русе Регионална библиотека "Любен Каравелов" Русе Хранилище 2017-06-19 Хранилище 8.95 120000812457 Цб 284144 120000812457 3 4.58 Дост: Dp Вид: Д N: 21 Дата: 25.04.2017 Книги
Vip Innovations Ltd, Rousse, Bulgaria 2025